01847nab a2200469 a 450000100060000000300080000600500170001400600190003100700150005000800410006502200140010603500210012004000260014105000190016708000070018608200120019310000320020521000480023722200950028524502180038026000620059830000150066031000100067536200190068553301640070454600390086865000170090765000440092465000210096865000150098965000200100465000370102465300140106165300270107565300180110265500320112070000310115271000190118374000960120285600620129899900170136029581FlNmELB20241216220514.0m o d | cr cn|||||||||201104r2006 sp |||||s|||||||||||spa d a1578-5157 a(OCoLC)955410093 aFlNmELBbspacFlNmELB 4aG62bB324 2006 a9104a9102221 aBastarrika Izagirre, Aitor.10aGeofocus. Rev. int. cienc. tec. inf. geogr. 0aGeofocus. Revista internacional de Ciencia y Tecnología de la información Geográfica10aCartografía del área quemada mediante crecimiento de regionesh[recurso electronico] :baplicación en entornos mediterráneos con imágenes tm y etm+ /cAitor Bastarrika Izagirre, Emilio Chuvieco Salinero. aMadrid :bAsociación de Geógrafos Españoles,c2006. a182-204 p. aAnual0 aNum. 6 (2006)- aRecurso electrónico. Santa Fe, Arg.: e-libro, 2015. Disponible vía World Wide Web. El acceso puede estar limitado para las bibliotecas afiliadas a e-libro. aResumenes en español e inglés. 0aGeografía. 0aSistemas de información geográfica. 0aTeledetección. 0aGeography. 0aRemote sensing. 0aGeographical information system. aGeografia aInformacion geografica aTeledeteccion 4aArtículos electrónicos.1 aChuvieco Salinero, Emilio.2 ae-libro, Corp.02aGeofocus. Revista internacional de Ciencia y Tecnología de la información Geográfica.40uhttps://elibro.net/ereader/politecnicointernacional/21515 c29581d29581